Masse und Macht (Запис номер 48959)
[ съкратено ]
| 000 -Лидер | |
|---|---|
| Контролно поле с фиксирана дължина | 01558nam a2200349 c 4500 |
| 003 - Код на организацията, давaща контролен номер | |
| Контролно поле | BLK |
| 005 - Дата и час на последна редакция | |
| Контролно поле | 20180420221944.0 |
| 008 - Елементи от данни с фиксирана дължина | |
| fixed length control field | 180408b bul|||||r ||||||| ||bul|| |
| 010 ## - Наследен системен номер | |
| LC control number | KNG00052779000 |
| 020 ## - Международен стандартен номер на книга ISBN | |
| Международен стандартен номер на книга ISBN | 3-596-26544-4 |
| -- | издат.: Fischer |
| 040 ## - Източник на каталожния запис | |
| Идентификатор на билиотеката - собственик на записа | BLK |
| 041 ## - Код за език | |
| Код за езика на текст/звукозапис или на отделно заглавие | Немски |
| Код за езика КДБФ | Немски |
| 080 ## - УДК | |
| Текстов определител УДК | Форми на политическа организация. Държавите като политически сили. Вж и 308 ; 342 |
| УДК код - определител по УДК | 321 |
| УДК определител | :316 |
| УДК - код + определител | 321:316 |
| 080 ## - УДК | |
| Текстов определител УДК | Социално поведение. Девиантно поведение. Социална патология. Активност и пасивност, конвенционално поведение, мотивация, потребности, стремежи |
| УДК код - определител по УДК | 316.62 |
| УДК определител | |
| УДК - код + определител | 316.62 |
| 080 ## - УДК | |
| Текстов определител УДК | Психология на расата. Народопсихология |
| УДК код - определител по УДК | 159.922.4 |
| УДК определител | |
| УДК - код + определител | 159.922.4 |
| 100 1# - Редна дума - Автор | |
| Автор | Canetti, Elias |
| Авторска отговорност | първи автор |
| R(LIN) | 280705 |
| 139 ## - Редно поле | |
| Редна дума | Canetti, Elias |
| Авторски знак | Can - C 19 |
| 245 10 - Сведения за заглавието | |
| Заглавие | Masse und Macht |
| Редно поле (дума) | Elias Canetti. |
| 257 ## - Страна на издаване | |
| Страна на създаване/издаване | Германия |
| 260 ## - Област на издателските данни | |
| -- | Frankfurt am Mein |
| Име на издателя, разпространителя и проч. | Fischer |
| Година на издаване | 1995 |
| 300 ## - Физическа характеристика | |
| Страници | 562 c |
| Размери/Мащаб | 19 cm |
| 380 ## - Жанр | |
| Жанр | Обществени науки |
| 650 #4 - Допълнително описание по предмет – тема | |
| Основно описание – тема или топоним | Власт - философско-социологически анализ |
| 9 (RLIN) | 259006 |
| 650 #4 - Допълнително описание по предмет – тема | |
| Основно описание – тема или топоним | Общество - политико-философски проблеми |
| 9 (RLIN) | 254118 |
| 650 #4 - Допълнително описание по предмет – тема | |
| Основно описание – тема или топоним | Социална психология |
| 9 (RLIN) | 243161 |
| 653 ## - Ключова дума – ненормативна | |
| Ключова дума | власт |
| 852 ## - Местоположение | |
| Форматна сигнатура | Цб 186933 |
| 856 4# - Електронен адрес и достъп | |
| Електронен формат | pdf - файл |
| Път до файла /url/ | |
| 856 4# - Електронен адрес и достъп | |
| Електронен формат | pdf - файл |
| Път до файла /url/ | |
| 942 ## - АРТИКУЛИ | |
| Вид на библиотечния материал | Книги |
| Скрит в OPAC | Не |
| 944 ## - СЪЗДАВАНЕ И РЕДАКЦИЯ на ЗАПИСА | |
| Създаване/Редакция | Създаване |
| Дата на регистрацията/редакция | 01.01.1999 |
| Служител, извършил регистрацията/редакцията | Теодора_Стоянова |
| 944 ## - СЪЗДАВАНЕ И РЕДАКЦИЯ на ЗАПИСА | |
| Създаване/Редакция | Редакция |
| Дата на регистрацията/редакция | 26.02.2009 |
| Служител, извършил регистрацията/редакцията | |
| 999 ## - СИСТЕМНИ КОНТРОЛНИ НОМЕРА | |
| Koha biblionumber | 48959 |
| Koha biblioitemnumber | 48959 |
| Код за отписване | Код за изгубен артикул | Източник на класификационната схема | Код за повреда | Коз за рестрикции | Код за отдаване | Артикулен № | Име на библиотеката - собственик | Име на библиотеката, в която се намира в момента | Статус (Текущо местоположение) | Дата на вписване в системата | Местоположение - отдел | Цена в лева | Инвентарен номер | Систематично азбучна сигнатура | Баркод | Номер на екземпляра | Цена в евро | Служебна бележка | Служебен тип на артикула |
|---|---|---|---|---|---|---|---|---|---|---|---|---|---|---|---|---|---|---|---|
| Не е изгубен | Universal Decimal Classification | Не е повреден | без рестрикции | заемане за дома | 76747 | Регионална библиотека "Любен Каравелов" Русе | Регионална библиотека "Любен Каравелов" Русе | ЧЧЗО - нем. ез. - Гьоте инст. | 2002-01-01 | ЧЧЗО - нем. ез. - Гьоте инст. | 15.00 | 120000902746 | Ч5 32/C19E | 120000902746 | 1 | 7.67 | Дост: Da | Книги |